Derechos

-д хадгалсан:
Номзүйн дэлгэрэнгүй
Байгууллагын зохиогч: Ministerio de Justicia (Зохиогч)
Формат: Ном
Хэл сонгох:испани
Хэвлэсэн: Santiago Mideplan 1998
Хэвлэл:2a. ed
Нөхцлүүд:
Шошгууд: Шошго нэмэх
Шошго байхгүй, Энэхүү баримтыг шошголох эхний хүн болох!

MARC

LEADER 00000nam a2200000 a 4500
001 UCP4865
003 CL-VaPUC
008 990821e19980000CL |||||||||||||||||spa|d
082 0 4 |a 323.352  |b MIN  |2 21 
110 2 |a Ministerio de Justicia  |e author  |9 432816 
245 1 0 |a Derechos 
250 |a 2a. ed 
300 |a 55 p 
942 |c BK 
945 |d 19990821 00:00:00  |a rbrito 
260 |a Santiago  |b Mideplan  |c 1998 
650 0 |a Derechos del niño  |9 258728 
650 0 |a Derechos de la mujer  |9 257074 
583 |a last modification  |c 19990821 00:00:00  |k Rodrigo Vera 
999 |c 282759  |d 282757 
952 |0 0  |1 0  |4 0  |6 323_352000000000000_MIN_1998  |7 0  |8 A  |9 325123  |a BIBEDU  |b BIBEDU  |d 2019-11-20  |i 3538966  |o 323.352 MIN 1998  |p 3538966  |r 2019-11-20  |w 2019-11-20  |y BK  |k BME 
952 |0 0  |1 0  |4 0  |6 323_352000000000000_MIN_1998  |7 0  |8 A  |9 325124  |a BIBEDU  |b BIBEDU  |d 2019-11-20  |i 3538974  |o 323.352 MIN 1998  |p 3538974  |r 2019-11-20  |w 2019-11-20  |y BK  |k BME